000 00599nam a22002297a 4500
003 UA-OsUOA
001 96517
007 ta
008 20130319b un ||||| |||| 00| 0 ukr d
100 _aМежиров А.
090 _a821.161.1
_bМ43
942 _cBK
040 _aUA-OsUOA
_brus
_cUA-OsUOA
_dUA-OsUOA
245 _aПроза в стихах
300 _a94 с.
955 _a3
041 _arus
080 _a821.161.1
260 _aМ.
_bСоветский писатель
_c1982
650 7 _a82 Література. Літературознавство
_2UDC
999 _c382769
_d382769